Livin’ On A Prayer - Bon Jovi (All Lyrics) - Statistics

General Stats
  • This quiz has been taken 156 times
  • The average score is 233 of 288
Answer Stats
Answer % Correct
a
100%
on
100%
on,
100%
I
97%
livin’
97%
Livin’
97%
prayer
97%
the
97%
It
96%
it
96%
it,
96%
we
96%
We
96%
to
94%
make
93%
my
93%
hand,
92%
Take
91%
Whoa,
91%
Whoa-oh,
91%
Whoa-oh
91%
swear
89%
We’ll
89%
we’ll
89%
Oh,
88%
Oh-oh,
88%
ooh,
88%
Ooh,
88%
work
88%
for
87%
there
86%
and
84%
Not
84%
not
84%
got
83%
he
83%
halfway
82%
used
82%
we’re
82%
hold
81%
love
81%
or
81%
that
80%
docks
79%
what
79%
each
77%
if
77%
so
77%
So
77%
Tommy
77%
doesn’t
76%
other,
76%
shot”
76%
shot
76%
that’s
76%
She
75%
she
75%
give
74%
It’s
74%
it’s
74%
all
73%
difference
72%
“We’ve
72%
we’ve
72%
We’ve
72%
day
70%
gotta
70%
strike,
70%
tough,
70%
tough
70%
he’s
69%
his
68%
lot
68%
down
67%
Union’s
67%
Gina
64%
been
63%
luck
63%
works
61%
diner
60%
her
60%
says,
60%
man
59%
you
59%
Working
56%
in
54%
six
54%
okay,”
51%
brings
50%
home
50%
Mm,
49%
night,
49%
string
48%
“Baby
47%
pay
47%
of
46%
ready
46%
ago
44%
long
44%
away
43%
time
43%
live
42%
cries
40%
dreams
40%
you’ve
40%
running
39%
When
39%
when
39%
someday
38%
Once
36%
Tommy’s
36%
whispers
36%
upon
35%
Now
33%
fight
29%
talk
29%
hock
25%
holding
20%
No matching quizzes found
Score Distribution
Percent of People with Each Score
Percentile by Number Answered
Your Score History
You have not taken this quiz